[Event "Bronsho¸j Mesterskabet "]
[Site "Copenhagen"]
[Date "????.??.??"]
[Round "6"]
[White "Petersen, Steen Brustrup"]
[Black "Renneberg, Morten"]
[Result "1-0"]
[WhiteElo "2139"]
[BlackElo "2048"]
[PlyCount "65"]
[EventType "tourn"]
[EventRounds "9"]
[EventCountry "DEN"]

1. e4 e6 2. d3 d5 3. Nd2 Nf6 4. Ngf3 c5 5. g3 Nc6 6. Bg2 Be7 7. O-O O-O 8. e5
Nd7 9. Re1 Qc7 10. Qe2 b5 11. h4 Rb8 12. Nf1 Nd4 13. Nxd4 cxd4 14. Bf4 Nb6 15.
Qg4 Kh8 16. Re2 Na4 17. Bc1 f6 18. f4 fxe5 19. fxe5 Rf5 20. Nh2 Bd7 21. Nf3 Qb6
22. Ng5 Rbf8 23. Bd2 Be8 24. Rf1 h6 25. Rxf5 exf5 26. Qh3 Qc6 27. Bf4 hxg5 28.
hxg5+ Kg8 29. e6 Bd6 30. e7 Bxe7 31. Rxe7 Nb6 32. Be5 Rf7 33. g6 1-0

[Event "Bronsho¸j Mesterskabet "]
[Site "Copenhagen"]
[Date "????.??.??"]
[Round "7"]
[White "Kistrup, Nicolai"]
[Black "Petersen, Steen Brustrup"]
[Result "0-1"]
[WhiteElo "2064"]
[BlackElo "2139"]
[PlyCount "58"]
[EventType "tourn"]
[EventRounds "9"]
[EventCountry "DEN"]

1. c4 e6 2. g3 d5 3. Bg2 Nf6 4. Nf3 c6 5. d4 Nbd7 6. Nbd2 Bd6 7. O-O O-O 8. Qc2
Re8 9. Rd1 Qe7 10. e4 dxe4 11. Nxe4 Nxe4 12. Qxe4 e5 13. b3 Nf6 14. Qc2 exd4
15. Nxd4 Bc5 16. Bb2 Bg4 17. f3 Qe2 18. Rd2 Qe3+ 19. Kh1 Bd7 20. Re2 Qh6 21.
Rae1 Rxe2 22. Rxe2 Rd8 23. Rd2 Bh3 24. Bxh3 Qxh3 25. Rd1 Bxd4 26. c5 Nh5 27.
Qg2 Qxg2+ 28. Kxg2 Bf6 29. Rxd8+ Bxd8 0-1

[Event "Bronsho¸j Mesterskabet "]
[Site "Copenhagen"]
[Date "????.??.??"]
[Round "7"]
[White "Madsen, Michael Ole"]
[Black "Gustafsson, Magnus"]
[Result "1-0"]
[WhiteElo "2012"]
[BlackElo "1921"]
[PlyCount "75"]
[EventType "tourn"]
[EventRounds "9"]
[EventCountry "DEN"]

1. e4 e5 2. Nf3 Nc6 3. Bc4 Bc5 4. c3 d6 5. b4 Bb6 6. a4 a6 7. O-O Nf6 8. d3 h6
9. Na3 Qe7 10. Nc2 Be6 11. a5 Ba7 12. b5 Nb8 13. bxa6 Nxa6 14. Bxa6 bxa6 15.
Be3 c5 16. c4 Rb8 17. Rb1 O-O 18. Bd2 Rxb1 19. Qxb1 Rb8 20. Qa1 Rb3 21. Bc3 Nh5
22. Nd2 Rb7 23. g3 Qg5 24. Qd1 Bg4 25. Nf3 Qf6 26. Kg2 Rb3 27. Ba1 Bb8 28. Nce1
Ra3 29. Qb1 Qd8 30. h3 Be6 31. Nc2 Rxd3 32. Nb4 Bxh3+ 33. Kxh3 Rxf3 34. Nc6
Nf4+ 35. Kg4 Qd7+ 36. Kxf3 Bc7 37. gxf4 Qxc6 38. fxe5 1-0

[Event "Bronsho¸j Mesterskabet "]
[Site "Copenhagen"]
[Date "????.??.??"]
[Round "7"]
[White "Nicolaisen, Jeppe"]
[Black "Nielsen, John Holm"]
[Result "1/2-1/2"]
[WhiteElo "2015"]
[BlackElo "2036"]
[PlyCount "71"]
[EventType "tourn"]
[EventRounds "9"]
[EventCountry "DEN"]

1. e4 e5 2. Nf3 Nc6 3. Bb5 a6 4. Ba4 Nf6 5. d4 b5 6. Bb3 Nxe4 7. dxe5 Nc5 8.
Bd5 Be7 9. Nd4 Bb7 10. Bxc6 dxc6 11. Qg4 Qd5 12. Nf3 Qe4+ 13. Qxe4 Nxe4 14. Be3
O-O 15. O-O c5 16. Nbd2 c4 17. Nxe4 Bxe4 18. c3 Rad8 19. Rfe1 Rd3 20. Rad1 Rfd8
21. Rxd3 cxd3 22. b4 f6 23. exf6 Bxf6 24. Bd2 Bd5 25. a3 Bb3 26. Ne5 Rd5 27. f4
Bxe5 28. Rxe5 Rxe5 29. fxe5 Kf7 30. Kf2 Ke6 31. Ke3 Bd5 32. Kxd3 Kxe5 33. Be1
Be4+ 34. Kd2 Kd5 35. g4 c5 36. Bf2 1/2-1/2

[Event "Bronsho¸j Mesterskabet "]
[Site "Copenhagen"]
[Date "????.??.??"]
[Round "7"]
[White "Renneberg, Morten"]
[Black "Christensen, Esben"]
[Result "1-0"]
[WhiteElo "2048"]
[BlackElo "2064"]
[PlyCount "69"]
[EventType "tourn"]
[EventRounds "9"]
[EventCountry "DEN"]

1. d4 Nf6 2. Nf3 g6 3. c4 c5 4. Nc3 Bg7 5. Bg5 O-O 6. e3 b6 7. Be2 h6 8. Bh4 d6
9. O-O Bb7 10. Qc2 Nbd7 11. Rfd1 a6 12. a3 Qc7 13. Rac1 Rfe8 14. d5 b5 15. cxb5
axb5 16. Bxb5 Reb8 17. Bxd7 Qxd7 18. e4 Ng4 19. Bg3 Ba6 20. h3 Nf6 21. e5 Ne8
22. e6 fxe6 23. Qxg6 Nf6 24. dxe6 Qxe6 25. Nd5 Rb7 26. Bh4 Qf7 27. Nxf6+ exf6
28. Qxf7+ Kxf7 29. Rxd6 c4 30. Nd2 Rxb2 31. Nxc4 Bxc4 32. Rxc4 Rb1+ 33. Kh2 f5
34. Rc7+ Kf8 35. Bf6 1-0

[Event "Bronsho¸j Mesterskabet "]
[Site "Copenhagen"]
[Date "????.??.??"]
[Round "7"]
[White "Sorensen, Dick"]
[Black "Andersen, Niels Erik"]
[Result "1/2-1/2"]
[WhiteElo "2013"]
[BlackElo "1934"]
[PlyCount "55"]
[EventType "tourn"]
[EventRounds "9"]
[EventCountry "DEN"]

1. e4 c5 2. a3 e6 3. b4 d5 4. exd5 exd5 5. Bb5+ Nc6 6. Bb2 Nf6 7. Qe2+ Be6 8.
f4 Be7 9. Bxc6+ bxc6 10. Nf3 O-O 11. Ne5 Qc7 12. c3 c4 13. d3 cxd3 14. Qxd3 a5
15. O-O Ne4 16. h3 Bh4 17. Qe3 c5 18. Nd2 Nxd2 19. Qxd2 cxb4 20. cxb4 axb4 21.
axb4 Qb7 22. f5 Bd7 23. Ng4 Rxa1 24. Bxa1 f6 25. Qd4 Kh8 26. Ne5 Bg5 27. Nd3
Bb5 28. Kh1 1/2-1/2

[Event "Bronsho¸j Mesterskabet "]
[Site "Copenhagen"]
[Date "????.??.??"]
[Round "8"]
[White "Andersen, Niels Erik"]
[Black "Madsen, Michael Ole"]
[Result "1/2-1/2"]
[WhiteElo "1934"]
[BlackElo "2012"]
[PlyCount "101"]
[EventType "tourn"]
[EventRounds "9"]
[EventCountry "DEN"]

1. d4 d5 2. Nf3 Nf6 3. g3 Bf5 4. Bg2 c6 5. O-O h6 6. c4 e6 7. Nc3 Bd6 8. Qb3
Qc8 9. Bd2 Ne4 10. Rac1 dxc4 11. Qxc4 Nd7 12. Nb5 Be7 13. Bb4 Nb6 14. Qb3 Bxb4
15. Qxb4 Qd8 16. Nc3 Qd6 17. Qxd6 Nxd6 18. Ne5 O-O 19. e4 Bh7 20. b3 Rfd8 21.
d5 f6 22. Ng4 f5 23. Ne5 Nxe4 24. dxc6 bxc6 25. Nxc6 Rd2 26. Nb5 Nd5 27. Nbd4
Rxa2 28. Nxe6 Ndc3 29. Ncd4 Nd5 30. Bh3 Re8 31. Rc6 Nd2 32. Rfc1 f4 33. Rc8
Rxc8 34. Rxc8+ Kf7 35. Nd8+ Ke7 36. N8c6+ Kf6 37. Rf8+ Kg5 38. Ne6+ Kh5 39.
Nxf4+ Nxf4 40. Rxf4 Ra1+ 41. Kg2 Be4+ 42. f3 Bxc6 43. Bf5 g5 44. Bg4+ Kg6 45.
Rd4 Bxf3+ 46. Bxf3 Nxb3 47. Rd6+ Kg7 48. Be4 Nc5 49. Bf5 Ra6 50. Rd5 Ne6 51.
Bxe6 1/2-1/2

[Event "Bronsho¸j Mesterskabet "]
[Site "Copenhagen"]
[Date "????.??.??"]
[Round "8"]
[White "Christensen, Esben"]
[Black "Gustafsson, Magnus"]
[Result "1-0"]
[WhiteElo "2064"]
[BlackElo "1921"]
[PlyCount "115"]
[EventType "tourn"]
[EventRounds "9"]
[EventCountry "DEN"]

1. e4 d5 2. exd5 Qxd5 3. Nf3 Nf6 4. d4 Bg4 5. Be2 e6 6. O-O c6 7. c4 Qd8 8. h3
Bxf3 9. Bxf3 Be7 10. Nc3 O-O 11. d5 exd5 12. cxd5 cxd5 13. Nxd5 Nxd5 14. Bxd5
Nc6 15. Be3 Bf6 16. Bxc6 bxc6 17. Qc2 Re8 18. Rac1 Qa5 19. b3 Re6 20. Rfd1 Rae8
21. Rd7 a6 22. Rcd1 Bg5 23. b4 Qe5 24. Bc5 Qf4 25. Be3 Qe5 26. Bxg5 Qxg5 27.
Qd2 Qxd2 28. R1xd2 Kf8 29. Ra7 g6 30. Rxa6 Rb8 31. a3 Rb7 32. Rc2 Rc7 33. b5
Ke7 34. b6 Rc8 35. Ra7+ Kf6 36. Rc7 Ra8 37. b7 Rb8 38. a4 Re1+ 39. Kh2 Rb1 40.
R2xc6+ Kg7 41. g4 R8xb7 42. Rxb7 Rxb7 43. a5 Rb2 44. Kg3 Ra2 45. a6 Ra4 46. h4
h6 47. g5 hxg5 48. hxg5 Kf8 49. Rf6 Ke7 50. f4 Ra3+ 51. Kf2 Kf8 52. Ke2 Ra2+
53. Kd3 Ra1 54. Kc4 Ke8 55. Kb5 Rb1+ 56. Kc6 Rc1+ 57. Kb7 Rb1+ 58. Rb6 1-0

[Event "Bronsho¸j Mesterskabet "]
[Site "Copenhagen"]
[Date "????.??.??"]
[Round "8"]
[White "Nielsen, John Holm"]
[Black "Sorensen, Dick"]
[Result "0-1"]
[WhiteElo "2036"]
[BlackElo "2013"]
[PlyCount "74"]
[EventType "tourn"]
[EventRounds "9"]
[EventCountry "DEN"]

1. Nc3 d5 2. e4 d4 3. Nce2 e5 4. Nf3 f6 5. Ng3 Bd6 6. Bc4 Ne7 7. Nh5 Kf8 8. O-O
Bg4 9. Ng3 Qd7 10. h3 Be6 11. Bxe6 Qxe6 12. c3 c5 13. d3 Nbc6 14. Nh4 h5 15.
Ngf5 g5 16. Nxd6 Qxd6 17. Nf5 Nxf5 18. exf5 dxc3 19. bxc3 Rd8 20. Qb3 b6 21.
Be3 Ne7 22. d4 cxd4 23. cxd4 e4 24. f3 exf3 25. Rxf3 g4 26. hxg4 hxg4 27. Rf4
Qd5 28. Qd3 Kf7 29. Raf1 Qxa2 30. Rxg4 Rdg8 31. Qe4 Qd5 32. Qf4 a5 33. Rxg8
Rxg8 34. g4 Rh8 35. Rc1 Qh1+ 36. Kf2 Rh2+ 37. Kg3 Qg2# 0-1

[Event "Bronsho¸j Mesterskabet "]
[Site "Copenhagen"]
[Date "????.??.??"]
[Round "8"]
[White "Petersen, Steen Brustrup"]
[Black "Nicolaisen, Jeppe"]
[Result "1/2-1/2"]
[WhiteElo "2139"]
[BlackElo "2015"]
[PlyCount "117"]
[EventType "tourn"]
[EventRounds "9"]
[EventCountry "DEN"]

1. e4 c5 2. Nf3 g6 3. d4 cxd4 4. Nxd4 Nc6 5. Nc3 Bg7 6. Be3 Nf6 7. Bc4 Qa5 8.
O-O O-O 9. Nb3 Qc7 10. f4 d6 11. Be2 a6 12. Bf3 Be6 13. Qd2 Rad8 14. Nd5 Bxd5
15. exd5 Nb8 16. a4 Rc8 17. c3 Nbd7 18. Qf2 Qc4 19. Nd2 Qd3 20. Be2 Qf5 21. c4
Ne4 22. Nxe4 Qxe4 23. Rfd1 Qc2 24. Rd2 Qb3 25. Ra3 Qb4 26. Bd4 Bxd4 27. Qxd4
Qc5 28. a5 Rc7 29. Kf1 Qxd4 30. Rxd4 Rfc8 31. b4 b6 32. axb6 Nxb6 33. Rxa6 Nxc4
34. Rc6 Ne3+ 35. Kf2 Rxc6 36. dxc6 Nc2 37. Rc4 Nxb4 38. Rxb4 Rxc6 39. Bc4 Kg7
40. Ke3 h5 41. Kd4 Rc7 42. Bd5 Rc1 43. Bf3 Kf6 44. Rb5 Ra1 45. f5 Ra4+ 46. Ke3
gxf5 47. Bxh5 Rh4 48. Bf3 Rxh2 49. Kf4 Rh4+ 50. Kg3 Rh7 51. Rb7 Rg7+ 52. Kf2
Rg8 53. Ra7 Rb8 54. Ra8 Rb2+ 55. Kg3 Rb3 56. Rf8 Rc3 57. Rh8 e5 58. Kf2 Rc2+
59. Be2 1/2-1/2

[Event "Bronsho¸j Mesterskabet "]
[Site "Copenhagen"]
[Date "????.??.??"]
[Round "8"]
[White "Renneberg, Morten"]
[Black "Kistrup, Nicolai"]
[Result "1-0"]
[WhiteElo "2048"]
[BlackElo "2064"]
[PlyCount "147"]
[EventType "tourn"]
[EventRounds "9"]
[EventCountry "DEN"]

1. Nf3 Nf6 2. g3 b6 3. Bg2 Bb7 4. O-O e6 5. d3 d5 6. Nbd2 Be7 7. Re1 O-O 8. b3
c5 9. Ne5 Qc7 10. f4 d4 11. e4 dxe3 12. Ndc4 Bxg2 13. Kxg2 Nc6 14. Nxc6 Qxc6+
15. Qf3 Qxf3+ 16. Kxf3 Nd5 17. Bb2 Nb4 18. Re2 Nc6 19. Kxe3 Rfd8 20. a4 Nd4 21.
Bxd4 Rxd4 22. Kf3 Bf6 23. Rae1 Rd5 24. Ne3 Rd7 25. Nc4 Bc3 26. Rf1 g6 27. g4
Rb8 28. h4 Kg7 29. h5 gxh5 30. g5 h6 31. gxh6+ Kxh6 32. Rh1 Rh8 33. Reh2 Kg6
34. Rg2+ Kf6 35. Rgh2 Kg6 36. Rg2+ Kf6 37. Ke2 Rdd8 38. Rgh2 Rdg8 39. Ne3 Bd4
40. Nd1 Kf5 41. Kf3 h4 42. Rxh4 Rxh4 43. Rxh4 Rg1 44. Ne3+ Bxe3 45. Kxe3 Rg3+
46. Kf2 Rg4 47. Rh5+ Kg6 48. Rh8 Rxf4+ 49. Ke3 Rd4 50. Rg8+ Kf6 51. Rb8 Rd7 52.
a5 bxa5 53. Rc8 Rd5 54. Rc7 a4 55. bxa4 a5 56. c4 Rd8 57. Rxc5 Ra8 58. Ke4 Ra7
59. d4 Ke7 60. d5 exd5+ 61. cxd5 Ra6 62. Rc7+ Ke8 63. Kf5 Rd6 64. Ke5 Ra6 65.
d6 Ra8 66. Re7+ Kf8 67. Kf6 Ra6 68. Rxf7+ Kg8 69. Rd7 Ra8 70. Ke7 Kg7 71. Rd8
Ra6 72. Rc8 Rb6 73. d7 Rb7 74. Kd6 1-0

[Event "Bronsho¸j Mesterskabet "]
[Site "Copenhagen"]
[Date "????.??.??"]
[Round "9"]
[White "Gustafsson, Magnus"]
[Black "Andersen, Niels Erik"]
[Result "1-0"]
[WhiteElo "1921"]
[BlackElo "1934"]
[PlyCount "157"]
[EventType "tourn"]
[EventRounds "9"]
[EventCountry "DEN"]

1. g3 Nf6 2. b3 g6 3. Bb2 Bg7 4. c4 c5 5. Bg2 Nc6 6. Nf3 O-O 7. O-O d6 8. d4
cxd4 9. Nxd4 Bd7 10. Nf3 Qc8 11. Re1 Bf5 12. Nbd2 Qc7 13. Nh4 Be6 14. e4 Rad8
15. Nf1 Bc8 16. Ne3 e6 17. Qe2 Rfe8 18. f4 Qb6 19. Kh1 Nd4 20. Qd2 Nc6 21. h3
Nh5 22. Bxg7 Kxg7 23. Qf2 f5 24. g4 Nf6 25. exf5 exf5 26. gxf5 Ne4 27. Qg1 Qd4
28. Bf3 Nd2 29. fxg6 Qf6 30. Bxc6 bxc6 31. gxh7+ Kxh7 32. Qg5 Qxg5 33. fxg5
Bxh3 34. Re2 Ne4 35. g6+ Kg8 36. Kh2 Bc8 37. Rf1 Ng5 38. Rfe1 Rf8 39. Neg2 Bg4
40. Re7 d5 41. Kg3 Bc8 42. g7 Rf6 43. Re8+ Rxe8 44. Rxe8+ Kxg7 45. Rxc8 Ne4+
46. Kh2 Nf2 47. cxd5 cxd5 48. Rc7+ Kh6 49. Rxa7 d4 50. Rd7 d3 51. Ne1 Kg5 52.
Nxd3 Kxh4 53. Kg2 Ng4 54. Rd4 Kg5 55. a4 Ne3+ 56. Kh2 Nf1+ 57. Kg1 Ne3 58. a5
Rf1+ 59. Kh2 Ra1 60. b4 Ra2+ 61. Kh3 Ra3 62. Kh2 Ra2+ 63. Kh3 Ra3 64. Ne1 Ng4+
65. Kg2 Ra2+ 66. Kf3 Ra3+ 67. Kg2 Ra2+ 68. Kg3 Ne3 69. Nf3+ Kf5 70. Nd2 Rxd2
71. Rxd2 Nf1+ 72. Kf3 Nxd2+ 73. Ke3 Nc4+ 74. Kd4 Nd6 75. Kc5 Ke6 76. a6 Nc8 77.
b5 Kd7 78. b6 Kd8 79. a7 1-0

[Event "Bronsho¸j Mesterskabet "]
[Site "Copenhagen"]
[Date "????.??.??"]
[Round "9"]
[White "Nicolaisen, Jeppe"]
[Black "Renneberg, Morten"]
[Result "0-1"]
[WhiteElo "2015"]
[BlackElo "2048"]
[PlyCount "84"]
[EventType "tourn"]
[EventRounds "9"]
[EventCountry "DEN"]

1. e4 e6 2. Qe2 c5 3. Nf3 Nc6 4. g3 g6 5. Bg2 Bg7 6. O-O Nge7 7. Rd1 O-O 8. c3
d5 9. d3 b5 10. exd5 exd5 11. d4 c4 12. Bg5 f6 13. Bd2 Re8 14. Re1 Bd7 15. Na3
Qb6 16. Nc2 a5 17. b3 Nf5 18. Qf1 Nd6 19. Rxe8+ Rxe8 20. Ne3 Ne7 21. bxc4 bxc4
22. Rb1 Qc7 23. Rb2 Rb8 24. Qb1 Rxb2 25. Qxb2 Ne4 26. Bc1 Bc6 27. Nd2 Nd6 28.
Qc2 Ndf5 29. Ndf1 Qd7 30. Ba3 Bf8 31. Bxe7 Nxe7 32. Qb1 Qc7 33. Bh3 Kf7 34. Ng2
Qb7 35. Qe1 Bd7 36. Bxd7 Qxd7 37. Qb1 Qa4 38. Qb2 Bh6 39. Nge3 Qc6 40. Qb8 Bf8
41. Nd2 Nc8 42. Nxd5 Bd6 0-1